000 00505nam a2200193Ia 4500
003 OSt
005 20220622102349.0
008 210210b1986 xxu||||| |||| 00| 0 eng d
040 _cAL
041 _aEnglish
082 _a338.9 MISD
100 _aMISRA (S K) and PURI (V K).
_944384
245 _aDevelopment and planning theory and practice
260 _aBombay
_bHimalaya Publishing House
_c1986
300 _axvi,794
690 _aEconomic Development
_944385
906 _a038240
942 _2ddc
_cBK
999 _c88286
_d88286